Представление документа в формате RUSMARC

ПолеНазваниеЗначение
  Тип записи a
  Библиографический уровень m
001 Контрольный номер RU/УОНБ/EK/353587788
005 Дата корректировки 20251010122430.7
010 Индекс ISBN __
a ISBN 978-5-9795-0451-3
d Цена 50 р.
100 Данные общей обработки __
a Данные общей обработки 20110316d2009 k y0rusy0189||||ca
101 Язык документа 0_
a Язык текста rus
102 Страна публикации __
a Страна публикации RU
105 Кодированные данные (монография) __
a Кодированные данные (монография) y z 001yy
200 Заглавие и сведения об ответственности 1_
a Заглавие Вып. 7
210 Выходные данные __
d Дата издания 2009
215 Физическое описание __
a Объем 357 с.
c Иллюстрации/тип воспроизводства ил.
300 Общие примечания __
a Общие примечания 70 экз.
320 Библиография __
a Библиография Библиогр. в конце работ
461 Уровень набора _0
1 001RU/УОНБ/EK/308421113
1 200
a Новые технологии в теплоснабжении и строительстве
e сб. работ аспирантов и студ. - сотр. науч.-исслед. лаб. "Теплоэнергетические системы и установки"
f Федерал. агентство по образованию, Ульян. гос. техн. ун-т
v Вып. 7
1 210
a Ульяновск
c УлГУ
d 2008 -
606 Тематические рубрики 0_
a Основная рубрика Теплоснабжение
j Формальный подзаголовок Сборники
606 Тематические рубрики 0_
a Основная рубрика Строительство
j Формальный подзаголовок Сборники
610 Ключевые слова 0_
a Ключевые слова теплоснабжение
610 Ключевые слова 0_
a Ключевые слова строительство
686 Индексы других классификаций __
a Классификационный индекс 31.38я43
2 Код системы rubbk
686 Индексы других классификаций __
a Классификационный индекс 38я43
2 Код системы rubbk
801 Источник записи _0
a Страна RU
b Организация Ульяновская ОНБ
c Дата составления 20110316
g Правила каталогизации RCR
801 Источник записи _1
a Страна RU
b Организация Ульяновская ОНБ
c Дата составления 20110316
g Правила каталогизации RCR
901 Тип документа __
t Тип документа n
w Контрольный № источника RU/УОНБ/EK/308421113
909 Создатель записи __
a Создатель записи Шевякова
b Дата создания записи 20110316
938 Служебная информация __
a Имя БД books
b Имя библиотеки УОНБ
c Имя АИБС МАРК-SQL
d Номер DOC_ID в БД 262918